Normal view
MARC view
Entry Personal Name
001 - CONTROL NUMBER
- control field: 1145036
003 - CONTROL NUMBER IDENTIFIER
- control field: OSt
005 - DATE AND TIME OF LATEST TRANSACTION
- control field: 20260324113013.0
008 - FIXED-LENGTH DATA ELEMENTS
- fixed length control field: 260324|| aca||aabn | a|a d
040 ## - CATALOGING SOURCE
- Original cataloging agency: OSt
- Transcribing agency: OSt
100 ## - HEADING--PERSONAL NAME
- Personal name: Hiroyuki Okamura; Shinji Inoue; Xiao Xiao
670 ## - SOURCE DATA FOUND
- Source citation: Work cat.: (OSt)1734450: Hiroyuki Okamura; Shinji Inoue; Xiao Xiao, Recent Advances in Reliability and Maintenance Modeling
